1554 1880 1809 1642 1218 1865 1087 1214 1177 1770 1168 1952 1157 1642 1966 1561 1625 1102 1713 1565 1714 1760 1228 1659 1672 1645 1783 1127 1585 1697 1879 1069 1699 1937 1916 1342 1931 1430 1075 1564 1517 1588 1806 1239 1484 1942 1193 1866 1182 1303 1304 1728 1747 1394 1247 1569 1167 1064 1872 1363 1239 1718 1315 1325 1387 1597 1274 1927 1483 1843 1279 1495 1569 1419 1864 1797 1086 1536 1098 1900 1490 1176 1821 1786 1423 1034 1040 1148 1090 1050 1349 1056 1362 1837 1455 1946 1233 1710 1225 BCNSPRNW ULIB Ver.6.0+V

เปลี่ยนเป็นภาษาไทย

Change to English
 แสดงรายละเอียดบรรณานุกรม
  กลับหน้าหลัก

Brief Record : Get Marc (ISO 2709) : E-mail record : QR code < ปิดหน้าต่าง
LEADER : 00000nam 2200000uu 4500
001    13399123617
003     ULIB
008    141019s2551||||th 000 0 tha d
099    วจ.HD62.6^bย155ก
100 0  ยศพล เหลืองโสมนภา และสาคร พร้อมเพราะ
245 00 การวิเคราะห์องค์ประกอบวัฒนธรรมองค์การของสถาบันการศึกษาในสังกัดสถาบันพระบรมราชชนก กระทรวงสาธารณสุข/^cยศพล เหลืองโสมนภา และสาคร พร้อมเพราะ
260    จันทบุรี:^bวิทยาลัยพยาบาลพระปกเกล้า จันทบุรี,^c2551
650  0 วัฒนธรรมองค์การ^xวิจัย
945    ^p0^l0^i023564
999    ^aเกษร โพธิ์สุวรรณ
รายการนี้ยังไม่มีแท็ก
คุณยังไม่ได้ล็อกอิน คุณสามารถมีกิจกรรมร่วมกับเว็บไซต์ได้ แต่ต้องล็อกอินก่อน ::
  ล็อกอิน

รายการสื่อสารสนเทศ

ลำดับที่ ประเภท เลขเรียก/บาร์โค้ด สถานที่ สถานะ
1. งานวิจัย
งานวิจัย
วจ.HD62.6 ย155ก ฉ.1 
  Barcode: 023564
ห้องสมุดวิทยาเขตสวรรค์ประชารักษ์
►วิจัย
บนชั้น

BibComment


ยังไม่เคยถูกคอมเมนท์

คอมเมนท์ทรัพยากรรายการนี้
  คอมเมนท์: การวิเคราะห์องค์ป..


 Copyright 2026. Bcnsprnw @Library